Score 0/50 Timer 01:00
2 Plays Today
% Correct
elephant
89.3%
pig
89.3%
cheetah
89.3%
goat
89.2%
horse
89.1%
sheep
89.1%
koala
89%
cow
89%
chicken
89%
lion
88.9%
deer
88.9%
mouse
88.7%
snake
88.6%
beaver
88.5%
llama
88.4%
lizard
88.3%
panther
88.3%
bear
88.3%
armadillo
88.2%
frog
88%
lamb
87.5%
bison
87.5%
porcupine
87.4%
skunk
87.3%
parrot
87.3%
% Correct
orangutan
87.2%
platypus
87.1%
baboon
87%
bull
86.7%
camel
86.5%
meerkat
86.4%
ox
86.3%
elk
86.1%
sloth
86.1%
possum
85.7%
aardvark
85.2%
alpaca
84.9%
otter
84.6%
crow
84.6%
mole
84.5%
hog
84.2%
ram
84%
dingo
83%
doe
81%
boa
79.7%
ewe
77.1%
mink
75.2%
finch
72.1%
shrew
72%
nautilus
33.4%
Remove Ads.
Support Sporcle.
Get the best of Sporcle when you Go Orange. This ad-free experience offers more features, more stats, and more fun while also helping to support Sporcle. Thank you for becoming a member.

You're not logged in!

Compare scores with friends on all Sporcle quizzes.
OR
Log In

Show Comments

Extras

Top Quizzes Today


Score Distribution

Your Account Isn't Verified!

In order to create a playlist on Sporcle, you need to verify the email address you used during registration. Go to your Sporcle Settings to finish the process.

Report this User

Report this user for behavior that violates our Community Guidelines.

Details: